00598nam a22001097a 4500082001400000100001400014245006300028260003700091300001600128505033000144650001400474 a005.8,MAH a005.8,MAH aA Control Framework for Openid /cMoeen Qaemi Mahmoodzadeh aRawalpindibMCS (NUST)cFeb 2012 aviii,138 p, aIntroduction (Page-1), Introduction to Openid (Page-8), Openid Weaknesses and Security Requirements (Page-19), Protecting From Openid Phishing (Page-26), Control Framework for Openid (Page-54), Control Framework Measurements (Page-78), Control Framework Audit Considerations (Page-125), Conclusion and Future Work (Page-136). aPG Thesis